Fabricación de elementos constructivos livianos con base en papel de desecho
Gorde:
| Egile nagusia: | |
|---|---|
| Beste egile batzuk: | |
| Formatua: | Liburua |
| Hizkuntza: | Spanish |
| Argitaratua: |
[San José], Costa Rica
2022
|
| Gaiak: |
CONVERSION DE RESIDUOS DE PAPEL
> APROVECHAMIENTO DE RESIDUOS
> PLASTICOS EN LA CONSTRUCCION
> PAPEL - APLICACIONES INDUTRIALES
> RESISTENCIA DE MATERIALES - PRUEBAS
> GASES DEL EFECTO INVERNADERO - MEDICIONES
> MATERIALES DE CONSTRUCCION - ASPECTOS AMBIENTALES
> GASES DEL EFECTO INVERNADERO - ASPECTOS AMBIENTALES
> INGENIERIA SOSTENIBLE
> GASES DEL EFECTO INVERNADERO - MEDICIONES
> MATERIALES DE CONSTRUCCION - FABRICACION
> MATERIALES DE CONSTRUCCION - PRUEBAS
|
| Etiketak: |
Etiketa erantsi
Etiketarik gabe, Izan zaitez lehena erregistro honi etiketa jartzen!
|
MARC
| LEADER | 00000nam a2200000Ia 4500 | ||
|---|---|---|---|
| 003 | 013438 | ||
| 005 | 20230329142608.0 | ||
| 008 | 140116s2022 cr a 000 ||spa d | ||
| 040 | |c cru CEDI | ||
| 100 | |a Vásquez Quesada, Greivin Alonso, 1997- |9 206 | ||
| 245 | |a Fabricación de elementos constructivos livianos con base en papel de desecho | ||
| 260 | |a [San José], Costa Rica |c 2022 | ||
| 500 | |a Proyecto de graduación (licenciatura en ingeniería civil)--Universidad de Costa Rica. Facultad de Ingeniería. Escuela de Ingeniería Civil. | ||
| 501 | |a Director de proyecto de graduación Ing. Einer Rodríguez Rojas | ||
| 650 | |x CONVERSION DE RESIDUOS DE PAPEL |x APROVECHAMIENTO DE RESIDUOS |x PLASTICOS EN LA CONSTRUCCION |x PAPEL - APLICACIONES INDUTRIALES |x RESISTENCIA DE MATERIALES - PRUEBAS |x GASES DEL EFECTO INVERNADERO - MEDICIONES |x MATERIALES DE CONSTRUCCION - ASPECTOS AMBIENTALES |x GASES DEL EFECTO INVERNADERO - ASPECTOS AMBIENTALES |x INGENIERIA SOSTENIBLE |x GASES DEL EFECTO INVERNADERO - MEDICIONES |x MATERIALES DE CONSTRUCCION - FABRICACION |x MATERIALES DE CONSTRUCCION - PRUEBAS | ||
| 700 | |9 207 |a Rodríguez Rojas, Einer, 1977 |c Director del TFG | ||
| 942 | |c CEDI |h TFG 8589 |6 TFG_8589_000000000000000 | ||
| 999 | |c 21940 |d 21940 | ||
